Famiglia. (Record n. 359676)
[ formato base ]
| 000 -LEADER | |
|---|---|
| campo di controllo lung. fissa | 01635nam a22002177a 4500 |
| 003 - Identificatore del numero di controllo | |
| campo di controllo | IT-MiCISF |
| 005 - Data e orario dell'ultima transazione | |
| campo di controllo | 20230418113201.0 |
| 008 - Elementi di lunghezza fissa--Informazione generale | |
| campo di controllo lung. fissa | 230418b |||||||| |||| 00| 0 eng d |
| 040 ## - Fonte della catalogazione | |
| Agenzia che fa la trascrizione | IT-MiCISF |
| 041 ## - Codice di lingua | |
| Codice di lingua del testo/traccia sonora o titolo separato | it |
| 100 ## - Accesso principale -- nome di persona | |
| Nome di persona | Papa Francesco |
| 9 (RLIN) | 59911 |
| 245 ## - Formulazione del titolo | |
| Titolo | Famiglia. |
| Complemento del titolo | Amoris Laetitia fatta carne |
| 260 ## - Pubblicazione, distribuzione, ecc. (stampa) | |
| Luogo di pubblicazione, distribuzione, ecc. | Milano, |
| Nome dell'editore, distributore, ecc. | Paoline, |
| Data di pubblicazione, distribuzione, ecc. | 2022 |
| 300 ## - Descrizione fisica | |
| Estensione | pp. 113 |
| 500 ## - Nota generale | |
| Nota generale | pastorale-familiare, ,famiglia, magistero |
| 520 ## - Riassunto, ecc. | |
| Nota di riassunto, ecc. | Il volume propone il grande tema dell'amore nel matrimonio, come sviluppato nel Quarto Capitolo di Amoris laetitia, ritenuto da papa Francesco il cuore dell'Esortazione apostolica. Un trattato a sé in cui il Papa si mette dalla parte dei fidanzati, degli sposi, della coppia, dei membri di una famiglia e dialoga con loro, con empatia e verità, su ciò che può tener sempre vivo l'amore nella coppia e nella famiglia, ma anche su ciò che può uccidere questo amore. Francesco, da "innamorato" della famiglia, ne celebra la bellezza a tutto campo. Nello stesso tempo attribuisce al sacramento del matrimonio di un uomo e di una donna la forza simbolica di essere icona dell'amore di Dio per noi; incoraggia, quindi, la coppia ad alimentare l'interrelazione d'amore e di mutuo aiuto, ogni giorno, con parole, gesti e comportamenti semplici, rispettosi e concreti. Il volume è arricchito dal commento di Gigi De Palo e Anna Chiara Gambini, marito e moglie, dediti alla formazione e animazione delle famiglie.<br/>Leggi di meno |
| 650 ## - Accesso aggiunto di soggetto--termine topico | |
| Termine topico o nome geografico come accesso | Pastorale-familiare |
| 9 (RLIN) | 59912 |
| 654 ## - Accesso aggiunto di soggetto--termini topici faccettati | |
| Termine principale | antologia |
| 700 ## - Accesso aggiunto--nome di persona | |
| Nome di persona | con il commento di De Palo Gigi e Gambini Anna Chiara |
| 9 (RLIN) | 59913 |
| 942 ## - Dati aggiuntivi (Koha) | |
| Fonte della classificazione o dello schema di collocazione (segnatura) | Dewey Decimal Classification |
| Tipo copia default (Koha) | LIBRO |
| Ritirato (status) | Perso (status) | Fonte della classificazione o dello schema di collocazione (segnatura) | Danneggiato (status) | Non per il presito | Biblioteca proprietaria | Biblioteca in cui si trova | Data d'acquisizione | Totale prestiti | Collocazione | Codice a barre | Data ultima operazione | Prezzo in vigore dal | Tipo copia default (Koha) |
|---|---|---|---|---|---|---|---|---|---|---|---|---|---|
| Dewey Decimal Classification | Buone Condizioni | Not For Loan | CISF - Milano | CISF - Milano | 18/04/2023 | A2401 | 9788831554909 | 18/04/2023 | 18/04/2023 | LIBRO |